Revista de derecho de daños 2013 - 1 : daños en la contratación bancaria /

Guardado en:
Formato: Libro
Idioma:Spanish
Publicado: Santa Fe : Rubinzal - Culzoni, 2013.
Edición:1a. ed.
Materias:
Etiquetas: Agregar Etiqueta
Sin Etiquetas, Sea el primero en etiquetar este registro!
LEADER 00681nam a22002055a 4500
001 DER.der013926
008 190903s2013####|||||||||||||||||#||spa||
005 20230607131704.0
245 1 0 |a Revista de derecho de daños 2013 - 1 :  |b daños en la contratación bancaria /  |c Mosset Iturraspe, Jorge. 
250 |a 1a. ed. 
260 |a Santa Fe :  |b Rubinzal - Culzoni,  |c 2013. 
300 |a 664 p. 
700 1 |a Mosset Iturraspe, Jorge,  |e dir. 
700 1 |a Lorenzetti, Ricardo Luis,  |e dir. 
650 7 |a RESPONSABILIDAD BANCARIA 
650 7 |a LAVADO DE DINERO 
650 7 |a FIDEICOMISO 
650 7 |a ENTIDADES FINANCIERAS 
650 7 |a DAÑOS PUNITIVOS 
859 |a DERECHO  |b BIB. DERECHO  |h 346  |i REV  |p 009086